Fr. Conceicao Rodrigues College of Engineering

Atomic Habits (Record no. 36191)

MARC details
000 -LEADER
fixed length control field 00356nam a22001577a 4500
003 - CONTROL NUMBER IDENTIFIER
control field OSt
005 - DATE AND TIME OF LATEST TRANSACTION
control field 20250301102022.0
007 - PHYSICAL DESCRIPTION FIXED FIELD--GENERAL INFORMATION
fixed length control field 306 pages
008 - FIXED-LENGTH DATA ELEMENTS--GENERAL INFORMATION
fixed length control field 250301b |||||||| |||| 00| 0 eng d
020 ## - INTERNATIONAL STANDARD BOOK NUMBER
International Standard Book Number 9781847941831
040 ## - CATALOGING SOURCE
Transcribing agency
082 ## - DEWEY DECIMAL CLASSIFICATION NUMBER
Classification number 155.24
Item number CLE
245 ## - TITLE STATEMENT
Title Atomic Habits
Statement of responsibility, etc. Clear James
260 ## - PUBLICATION, DISTRIBUTION, ETC.
Name of publisher, distributor, etc. Corner Stone
Date of publication, distribution, etc. 2022
942 ## - ADDED ENTRY ELEMENTS (KOHA)
Source of classification or shelving scheme Dewey Decimal Classification
Koha item type BOOK
Suppress in OPAC No
Holdings
Withdrawn status Lost status Source of classification or shelving scheme Damaged status Not for loan Collection Home library Current library Date acquired Cost, normal purchase price Inventory number Total Checkouts Full call number Barcode Date last seen Date last checked out Price effective from Koha item type
    Dewey Decimal Classification     General Fr. Agnel's C.Rodrigues College of Engineering Fr. Agnel's C.Rodrigues College of Engineering 01/03/2025 899.00 LIBS00957 dt 25/01/2025 5 155.24/CLE 26668 30/06/2026 27/05/2026 01/03/2025 BOOK